Sombras y temblores / (Registro nro. 354)
[ vista simple ]
| 000 -LEADER | |
|---|---|
| fixed length control field | 01588nam a22002777a 4500 |
| 003 - CONTROL NUMBER IDENTIFIER | |
| control field | AR-RoUNCS |
| 005 - DATE AND TIME OF LATEST TRANSACTION | |
| control field | 20260416100524.0 |
| 007 - PHYSICAL DESCRIPTION FIXED FIELD--GENERAL INFORMATION | |
| fixed length control field | ta |
| 008 - FIXED-LENGTH DATA ELEMENTS--GENERAL INFORMATION | |
| fixed length control field | 241008s2015 ag a||||r|||| 00| 1 spa d |
| 020 ## - INTERNATIONAL STANDARD BOOK NUMBER | |
| International Standard Book Number | 9789875040700 |
| 040 ## - CATALOGING SOURCE | |
| Transcribing agency | AR-RoUNCS |
| Original cataloging agency | AR-RoUNCS |
| Language of cataloging | spa |
| 041 ## - LANGUAGE CODE | |
| Language code of text/sound track or separate title | spa |
| 080 ## - UNIVERSAL DECIMAL CLASSIFICATION NUMBER | |
| Authority record control number or standard number | 82-34(82) |
| 100 1# - MAIN ENTRY--PERSONAL NAME | |
| Personal name | Drennen, Olga |
| Relator term | autor |
| 245 10 - TITLE STATEMENT | |
| Title | Sombras y temblores / |
| Statement of responsibility, etc. | Olga Drennen ; ilustraciones Lelo Carrique. |
| 250 ## - EDITION STATEMENT | |
| Edition statement | 2a ed. |
| 260 ## - PUBLICATION, DISTRIBUTION, ETC. | |
| Place of publication, distribution, etc. | Buenos Aires : |
| Name of publisher, distributor, etc. | Quipu, |
| Date of publication, distribution, etc. | 2015. |
| 300 ## - PHYSICAL DESCRIPTION | |
| Extent | 79 p. : |
| Other physical details | ils. ; |
| Dimensions | 21 cm. |
| 490 ## - SERIES STATEMENT | |
| Series statement | Negra |
| 505 0# - FORMATTED CONTENTS NOTE | |
| Formatted contents note | La mancha a la altura del tercer botón -- Viaje sin fin -- Yo-yo -- La prueba -- Mejor me callo -- Una de terror -- El brillo en la sombra -- El último baile de invierno.- |
| 520 ## - SUMMARY, ETC. | |
| Summary, etc. | Cuentos inquietantes en los que lo extraño, lo inesperado y lo siniestro se instalan en el mundo de todos los días. Un par de zapatillas, una leyenda que obsesiona, un chico en la escuela que descubre algo inesperado en la ventana de su aula, dos jovencitas de vacaciones que miran una película de terror son ejemplos de las sencillas circunstancias que derivarán en sucesos escalofriantes... y sin embargo, posibles. <br/>La autora evita los recursos fáciles y acartonados a los que suelen recurrir algunos cultores del género o ciertas series televisivas. Sombras y temblores se constituye, sin duda alguna, en una de las producciones argentinas más interesantes de la literatura de terror. |
| 650 ## - SUBJECT ADDED ENTRY--TOPICAL TERM | |
| Topical term or geographic name entry element | Literatura argentina |
| 655 ## - INDEX TERM--GENRE/FORM | |
| Genre/form data or focus term | Cuentos de terror |
| 700 1# - ADDED ENTRY--PERSONAL NAME | |
| Personal name | Carrique, Lelo |
| Relator term | ilustrador |
| 942 ## - ADDED ENTRY ELEMENTS (KOHA) | |
| Source of classification or shelving scheme | Universal Decimal Classification |
| Koha item type | Obra General |
| Suppress in OPAC | No |
| Withdrawn status | Lost status | Source of classification or shelving scheme | Damaged status | Not for loan | Collection | Home library | Current library | Date acquired | Source of acquisition | Total checkouts | Full call number | Barcode | Date last seen | Price effective from | Koha item type |
|---|---|---|---|---|---|---|---|---|---|---|---|---|---|---|---|
| Universal Decimal Classification | Colección General | Biblioteca Escuela de Ciencias Sociales | Biblioteca Escuela de Ciencias Sociales | 08/10/2024 | Donación 2024 | 82-34(82) D772 | 001250 | 08/10/2024 | 08/10/2024 | Obra General |